Mức độ và mục tiêu của những chuyển giao xã hội: Đối phó với nghèo đói theo quan điểm toàn cầu /
Сохранить в:
| Главный автор: | |
|---|---|
| Другие авторы: | , |
| Формат: | Статья |
| Язык: | Vietnamese |
| Предметы: | |
| Метки: |
Добавить метку
Нет меток, Требуется 1-ая метка записи!
|
| Thư viện lưu trữ: | Thư viện Trường Đại học Đà Lạt |
|---|
| LEADER | 00964nam a2200301 4500 | ||
|---|---|---|---|
| 001 | DLU140164492 | ||
| 005 | ##20140926 | ||
| 040 | # | # | |a DLU |b vie |
| 041 | # | # | |a vie |
| 044 | # | # | |a vn |
| 100 | # | # | |a Tommy Ferrarini |
| 245 | # | # | |a Mức độ và mục tiêu của những chuyển giao xã hội: Đối phó với nghèo đói theo quan điểm toàn cầu / |c Tommy Ferrarini, Joakim Palme, Kenneth Nelson |
| 653 | # | # | |a An sinh xã hội |
| 653 | # | # | |a Bảo trợ xã hội |
| 653 | # | # | |a Nghèo đói |
| 700 | # | # | |a Joakim Palme |
| 700 | # | # | |a Kenneth Nelson |
| 700 | # | # | |a Tommy Ferrarini |
| 773 | # | # | |t Tạp chí Khoa học Xã hội Việt Nam |g Số 9(70), 2013, tr. 17-26 |
| 920 | # | # | |a Phòng Tạp chí -- Trung tâm Thông tin - Thư viện Trường Đại học Đà Lạt |
| 994 | # | # | |a DLU |
| 900 | # | # | |a True |
| 911 | # | # | |a Nguyễn Thị Tưởng |
| 925 | # | # | |a G |
| 926 | # | # | |a A |
| 927 | # | # | |a BB |
| 980 | # | # | |a Thư viện Trường Đại học Đà Lạt |